|
|
|
|
| LEADER |
00000cam a2200000 c 4500 |
| 001 |
1623608163 |
| 003 |
DE-627 |
| 005 |
20251225202743.0 |
| 007 |
tu |
| 008 |
020320s2001 xx ||||| 00| ||ita c |
| 020 |
|
|
|a 8886801831
|9 88-86801-83-1
|
| 024 |
8 |
|
|a CASA.0109.0541
|q Sonstige Nr.
|
| 035 |
|
|
|a (DE-627)1623608163
|
| 035 |
|
|
|a (DE-576)097905259
|
| 035 |
|
|
|a (DE-599)BSZ097905259
|
| 035 |
|
|
|a (OCoLC)47895693
|
| 035 |
|
|
|a (ZDB-21-EIL)01291157
|
| 040 |
|
|
|a DE-627
|b ger
|c DE-627
|e rakwb
|
| 041 |
|
|
|a ita
|
| 050 |
|
0 |
|a aHV
|
| 082 |
0 |
|
|a 362
|
| 100 |
1 |
|
|a D'Ambrosio, Cleopatra
|0 (DE-627)1254940804
|0 (DE-576)18494080X
|4 aut
|
| 109 |
|
|
|a D'Ambrosio, Cleopatra
|a Ambrosio, Cleopatra d'
|
| 245 |
1 |
0 |
|a Sono solo fantasie?
|b l'abuso sessuale e le inascoltate verità dei bambini
|c Cleopatra D'Ambrosio
|
| 263 |
|
|
|a L24000
|
| 264 |
|
1 |
|a Roma
|b Edizioni Scientifiche MaGi
|c 2001
|
| 300 |
|
|
|a 154 S.
|c 21 cm
|
| 336 |
|
|
|a Text
|b txt
|2 rdacontent
|
| 337 |
|
|
|a ohne Hilfsmittel zu benutzen
|b n
|2 rdamedia
|
| 338 |
|
|
|a Band
|b nc
|2 rdacarrier
|
| 490 |
0 |
|
|a Collana "Psicologia infantile"
|
| 500 |
|
|
|a Contains bibliography
|
| 583 |
1 |
|
|a Archivierung prüfen
|c 20200919
|f DE-640
|z 1
|2 pdager
|
| 951 |
|
|
|a BO
|
| ELC |
|
|
|b 1
|
| LOK |
|
|
|0 000 xxxxxcx a22 zn 4500
|
| LOK |
|
|
|0 001 3251860682
|
| LOK |
|
|
|0 003 DE-627
|
| LOK |
|
|
|0 004 1623608163
|
| LOK |
|
|
|0 005 20020320000000
|
| LOK |
|
|
|0 008 020320||||||||||||||||ger|||||||
|
| LOK |
|
|
|0 040
|a DE-21
|c DE-627
|d DE-21
|
| LOK |
|
|
|0 852
|a DE-21
|
| LOK |
|
|
|0 852 1
|c KB 8 E 9376
|9 00
|
| LOK |
|
|
|0 935
|a krim
|
| LOK |
|
|
|0 936ln
|a k10.10.3
|
| LOK |
|
|
|0 939
|a 20-03-02
|b l01
|
| ORI |
|
|
|a SA-MARC-krimdoka001.raw
|
| SIG |
|
|
|a UB: KB 8 E 9376
|